| АИС "Историко-культурное наследие Беларуси" | ||
| Базовый | Расширенный | Профессиональный | Словарь персоналий | Тематический словарь | По видам объектов | История запросов Заказы | Регистрация | |
Запись в MARC-формате
| копировать MARC-запись |
=LDR 00000nx\\c2200253\\\45\\
=001 BY-NLB-ar4578539
=005 20160330095634.6
=100 \\$a20111114arusy50\\\\\\ca0
=152 \\$apsbo
=160 \\$ae-bw
=215 \\$aКостел Наисвятейшей Троицы (Гервяты, агрогородок; Островецкий район)
=300 1\$aПамятник архитектуры неоготики. Построен в 1899–1903 гг. на средства князя Ольшевского по проекту архитектора А. И. Альшаловского на месте деревянного костела святого Яна Крестителя 1526 г.
=356 \\$aНаходится в центре аг. Гервяты Островецкого района Гродненской области.
=415 \\$aГервятский Троицкий костел
=415 \\$aГервятский костел Пресвятой Троицы
=415 \\$aКостел Пресвятой Троицы (Гервяты, агрогородок; Островецкий район)
=515 \\$5w$3BY-NLB-ar4579189$aКасцёл Найсвяцейшай Тройцы (Гервяты, аграгарадок; Астравецкі раён)
=801 \0$aBY$bBY-HM0000$c20111114
=810 \\$aРегионы Беларуси : энциклопедия. В 7 т. Гродненская область. В 2 кн. Кн. 1. — Минск, 2014.
=810 \\$aКаталіцкія храмы Беларусі / А. М. Кулагін. — Мінск, 2008.
=810 \\$aКаталіцкія храмы на Беларусі : энцыклапедычны даведнік / А. М. Кулагін. — Мінск, 2000.
=810 \\$aБеларуская энцыклапедыя. У 18 т. Т. 5. — Мінск, 1997.
=999 \\$f1829$t20111114
=999 \\$h40$t20111207
Чтобы вернуться назад, щелкните кнопку BACK на Вашем браузере